ARRUPE JESUIT UNIVERSITY

CORONAVIRUS -STOP THE SPREAD - CLEAN,DISINFECT,COVER

The Gods in retreat : (Record no. 126103)

MARC details
000 -LEADER
fixed length control field 00944cam a2200277 a 4500
001 - CONTROL NUMBER
control field 1483421
003 - CONTROL NUMBER IDENTIFIER
control field ARRUPE
005 - DATE AND TIME OF LATEST TRANSACTION
control field 20170220092029.0
008 - FIXED-LENGTH DATA ELEMENTS--GENERAL INFORMATION
fixed length control field 870526s1985 nr b 001 0 eng
010 ## - LIBRARY OF CONGRESS CONTROL NUMBER
LC control number 87143684
020 ## - INTERNATIONAL STANDARD BOOK NUMBER
International Standard Book Number 9781562625 (pbk.)
040 ## - CATALOGING SOURCE
Original cataloging agency DLC
Transcribing agency DLC
Modifying agency DLC
043 ## - GEOGRAPHIC AREA CODE
Geographic area code f-nr---
-- fb-----
050 00 - LIBRARY OF CONGRESS CALL NUMBER
Classification number BL2470.N5
Item number G63 1985
082 00 - DEWEY DECIMAL CLASSIFICATION NUMBER
Classification number 299/.6969
Edition number 19
300 ## - PHYSICAL DESCRIPTION
Dimensions 21 cm.
245 04 - TITLE STATEMENT
Title The Gods in retreat :
Remainder of title continuity and change in African religions : (the Nigerian experience) /
Statement of responsibility, etc edited by Emefie Ikenga Metuh.
260 ## - PUBLICATION, DISTRIBUTION, ETC. (IMPRINT)
Place of publication, distribution, etc Enugu, Nigeria :
Name of publisher, distributor, etc Fourth Dimension Pub. Co.,
Date of publication, distribution, etc 1985.
300 ## - PHYSICAL DESCRIPTION
Extent xix, 296 p. ;
504 ## - BIBLIOGRAPHY, ETC. NOTE
Bibliography, etc Includes bibliographies and index.
651 #0 - SUBJECT ADDED ENTRY--GEOGRAPHIC NAME
Geographic name Nigeria
General subdivision Religion.
9 (RLIN) 28785
651 #0 - SUBJECT ADDED ENTRY--GEOGRAPHIC NAME
Geographic name Africa, Sub-Saharan
General subdivision Religion.
9 (RLIN) 28786
700 1# - ADDED ENTRY--PERSONAL NAME
Personal name Metuh, Emefie Ikenga.
9 (RLIN) 28787
Relator term ed.
906 ## - LOCAL DATA ELEMENT F, LDF (RLIN)
a 7
b cbc
c orignew
d 2
e ncip
f 19
g y-gencatlg
942 ## - ADDED ENTRY ELEMENTS (KOHA)
Source of classification or shelving scheme Library of Congress Classification
Koha item type Monograph ( Printed materials)
Holdings
Withdrawn status Lost status Source of classification or shelving scheme Damaged status Not for loan Collection code Home library Current library Shelving location Date acquired Total Checkouts Full call number Barcode Date last seen Date checked out Price effective from Koha item type
    Library of Congress Classification     Main Collection ARRUPE LIBRARY ARRUPE LIBRARY Main Collection 14/02/2017 1 BL2470.N5 G63 1985 46500023864 14/02/2020 06/02/2020 14/02/2017 Monograph ( Printed materials)

 

Arrupe Library. PO Box MP320 Mt Pleasant, Harare, Zimbabwe
263 242 745411|librarian@aju.ac.zw